000 00741nam a2200289Ia 4500
005 20260324120540.0
008 008 260324s9999 xx 000 0 eng d
020 _a9781315552187
037 _aEBOOK
040 _aCRL
040 _beng
040 _cCRL
041 _2eng
041 _aeng
084 _qCRL
100 _aChristopher Dole; Andrew Poe; Robert Hayashi; Austin Sarat
_91159014
245 4 _aThe Time of Catastrophe
245 0 _bMultidisciplinary Approaches to the Age of Catastrophe
260 _bTaylor and Francis
260 _c2015
365 _a
365 _b230
856 _uhttp://www.taylorfrancis.com/books/9781315552187
942 _cEBOOK
999 _c1750614
_d1750614